00770nam a2200217Ia 4500003000400000005001700004008004100021020001800062040000700080041000800087082001800095100003000113245007900143260003600222300001700258365001300275906009200288942001200380999001900392952014100411OSt20230317111648.0210423s2008 xx 000 0 und d a9788131217344 cAL aeng a660.2815 QUIC aQUINN (Charles M).941988 aComputational quantum chemistry :an interactive guide to basis set theory. aNew DelhibAcademic Pressc2008 aviii,237bPB b695cINR a:an ; basis ; chemistry ; Computational ; guide ; interactive ; quantum ; set ; theory. 2ddccBK c154673d154673 001040708ACaSACPGbSACPGd2011-08-09eHigginbothams Pvt Ltdg695.00l0o660.2815 QUICpPG001141r2022-08-24 00:00:00w2021-04-26yBK